<?xml version="1.0" encoding="UTF-8"?>
<record
    xmlns:xsi="http://www.w3.org/2001/XMLSchema-instance"
    xsi:schemaLocation="http://www.loc.gov/MARC21/slim http://www.loc.gov/standards/marcxml/schema/MARC21slim.xsd"
    xmlns="http://www.loc.gov/MARC21/slim">

  <leader>01133nam a22002537a 4500</leader>
  <datafield tag="999" ind1=" " ind2=" ">
    <subfield code="c">96114</subfield>
    <subfield code="d">96114</subfield>
  </datafield>
  <controlfield tag="005">20210728112138.0</controlfield>
  <datafield tag="010" ind1=" " ind2=" ">
    <subfield code="a">EN-99493        B-740663</subfield>
  </datafield>
  <datafield tag="020" ind1=" " ind2=" ">
    <subfield code="a">9780143423980</subfield>
    <subfield code="c">899.00</subfield>
  </datafield>
  <datafield tag="035" ind1=" " ind2=" ">
    <subfield code="a">B-606224-237  EN-99493</subfield>
  </datafield>
  <datafield tag="035" ind1=" " ind2=" ">
    <subfield code="a">B-664984</subfield>
  </datafield>
  <datafield tag="035" ind1=" " ind2=" ">
    <subfield code="a">B-740663</subfield>
  </datafield>
  <datafield tag="037" ind1=" " ind2=" ">
    <subfield code="a">dpl</subfield>
    <subfield code="b">DBAD/PUB</subfield>
  </datafield>
  <datafield tag="037" ind1=" " ind2=" ">
    <subfield code="b">Gift</subfield>
  </datafield>
  <datafield tag="082" ind1=" " ind2=" ">
    <subfield code="a">954</subfield>
  </datafield>
  <datafield tag="245" ind1=" " ind2=" ">
    <subfield code="a">Sources of Indian traditions:</subfield>
    <subfield code="b">modern India, Pakistan and Bangladesh /</subfield>
    <subfield code="c">edited by Rachel fell McDermott [et al...]</subfield>
  </datafield>
  <datafield tag="250" ind1=" " ind2=" ">
    <subfield code="a">3rd ed.</subfield>
  </datafield>
  <datafield tag="260" ind1=" " ind2=" ">
    <subfield code="a">Gurgaon</subfield>
    <subfield code="b">Penguin Group</subfield>
    <subfield code="c">2014</subfield>
  </datafield>
  <datafield tag="270" ind1=" " ind2=" ">
    <subfield code="a">7th Floor, Infinity Tower C, DLF Cyber City</subfield>
    <subfield code="b">Gurgaon</subfield>
    <subfield code="e">122002, Haryana, India</subfield>
  </datafield>
  <datafield tag="300" ind1=" " ind2=" ">
    <subfield code="a">lv, 963p.</subfield>
    <subfield code="c">21cm(pbk)</subfield>
  </datafield>
  <datafield tag="942" ind1=" " ind2=" ">
    <subfield code="2">ddc</subfield>
    <subfield code="c">EN</subfield>
    <subfield code="h">954</subfield>
    <subfield code="m">SOU</subfield>
  </datafield>
  <datafield tag="952" ind1=" " ind2=" ">
    <subfield code="0">0</subfield>
    <subfield code="1">0</subfield>
    <subfield code="4">0</subfield>
    <subfield code="7">0</subfield>
    <subfield code="8">NFIC</subfield>
    <subfield code="a">L</subfield>
    <subfield code="b">L</subfield>
    <subfield code="d">2016-07-15</subfield>
    <subfield code="e">IN14239/28.9.2015/114/16.9.2015/15.10.2015</subfield>
    <subfield code="g">899.00</subfield>
    <subfield code="l">8</subfield>
    <subfield code="m">4</subfield>
    <subfield code="o">954 SOU</subfield>
    <subfield code="p">B-606224</subfield>
    <subfield code="r">2023-07-25 00:00:00</subfield>
    <subfield code="s">2023-06-15</subfield>
    <subfield code="t">1</subfield>
    <subfield code="v">899.00</subfield>
    <subfield code="y">EN</subfield>
  </datafield>
  <datafield tag="952" ind1=" " ind2=" ">
    <subfield code="0">0</subfield>
    <subfield code="1">0</subfield>
    <subfield code="4">0</subfield>
    <subfield code="7">1</subfield>
    <subfield code="8">REF</subfield>
    <subfield code="a">L</subfield>
    <subfield code="b">L</subfield>
    <subfield code="d">2016-07-15</subfield>
    <subfield code="e">IN14239/28.9.2015/114/16.9.2015/15.10.2015</subfield>
    <subfield code="g">899.00</subfield>
    <subfield code="l">0</subfield>
    <subfield code="o">954 SOU</subfield>
    <subfield code="p">B-606225</subfield>
    <subfield code="r">2016-07-15 00:00:00</subfield>
    <subfield code="t">1</subfield>
    <subfield code="v">899.00</subfield>
    <subfield code="y">EN</subfield>
  </datafield>
  <datafield tag="952" ind1=" " ind2=" ">
    <subfield code="0">0</subfield>
    <subfield code="1">0</subfield>
    <subfield code="4">0</subfield>
    <subfield code="7">0</subfield>
    <subfield code="8">NFIC</subfield>
    <subfield code="a">NPL</subfield>
    <subfield code="b">NPL</subfield>
    <subfield code="d">2016-07-15</subfield>
    <subfield code="e">IN14239/28.9.2015/114/16.9.2015/15.10.2015</subfield>
    <subfield code="g">899.00</subfield>
    <subfield code="l">0</subfield>
    <subfield code="o">954 SOU</subfield>
    <subfield code="p">B-606226</subfield>
    <subfield code="r">2016-07-15 00:00:00</subfield>
    <subfield code="t">1</subfield>
    <subfield code="v">899.00</subfield>
    <subfield code="y">EN</subfield>
  </datafield>
  <datafield tag="952" ind1=" " ind2=" ">
    <subfield code="0">0</subfield>
    <subfield code="1">0</subfield>
    <subfield code="4">0</subfield>
    <subfield code="7">0</subfield>
    <subfield code="8">NFIC</subfield>
    <subfield code="a">BL1</subfield>
    <subfield code="b">BL1</subfield>
    <subfield code="d">2016-07-15</subfield>
    <subfield code="e">IN14239/28.9.2015/114/16.9.2015/15.10.2015</subfield>
    <subfield code="g">899.00</subfield>
    <subfield code="l">2</subfield>
    <subfield code="m">3</subfield>
    <subfield code="o">954 SOU</subfield>
    <subfield code="p">B-606227</subfield>
    <subfield code="r">2021-08-17 00:00:00</subfield>
    <subfield code="s">2021-03-27</subfield>
    <subfield code="t">1</subfield>
    <subfield code="v">899.00</subfield>
    <subfield code="y">EN</subfield>
  </datafield>
  <datafield tag="952" ind1=" " ind2=" ">
    <subfield code="0">0</subfield>
    <subfield code="1">0</subfield>
    <subfield code="4">0</subfield>
    <subfield code="7">0</subfield>
    <subfield code="8">NFIC</subfield>
    <subfield code="a">KGM</subfield>
    <subfield code="b">KGM</subfield>
    <subfield code="d">2016-07-15</subfield>
    <subfield code="e">IN14239/28.9.2015/114/16.9.2015/15.10.2015</subfield>
    <subfield code="g">899.00</subfield>
    <subfield code="l">0</subfield>
    <subfield code="o">954 SOU</subfield>
    <subfield code="p">B-606228</subfield>
    <subfield code="r">2016-07-15 00:00:00</subfield>
    <subfield code="t">1</subfield>
    <subfield code="v">899.00</subfield>
    <subfield code="y">EN</subfield>
  </datafield>
  <datafield tag="952" ind1=" " ind2=" ">
    <subfield code="0">0</subfield>
    <subfield code="1">0</subfield>
    <subfield code="4">0</subfield>
    <subfield code="7">0</subfield>
    <subfield code="8">NFIC</subfield>
    <subfield code="a">PR</subfield>
    <subfield code="b">PR</subfield>
    <subfield code="d">2016-07-15</subfield>
    <subfield code="e">IN14239/28.9.2015/114/16.9.2015/15.10.2015</subfield>
    <subfield code="g">899.00</subfield>
    <subfield code="l">0</subfield>
    <subfield code="o">954 SOU</subfield>
    <subfield code="p">B-606229</subfield>
    <subfield code="r">2016-07-15 00:00:00</subfield>
    <subfield code="t">1</subfield>
    <subfield code="v">899.00</subfield>
    <subfield code="y">EN</subfield>
  </datafield>
  <datafield tag="952" ind1=" " ind2=" ">
    <subfield code="0">0</subfield>
    <subfield code="1">0</subfield>
    <subfield code="4">0</subfield>
    <subfield code="7">0</subfield>
    <subfield code="8">NFIC</subfield>
    <subfield code="a">CJ</subfield>
    <subfield code="b">CJ</subfield>
    <subfield code="d">2016-07-15</subfield>
    <subfield code="e">IN14239/28.9.2015/114/16.9.2015/15.10.2015</subfield>
    <subfield code="g">899.00</subfield>
    <subfield code="l">0</subfield>
    <subfield code="o">954 SOU</subfield>
    <subfield code="p">B-606230</subfield>
    <subfield code="r">2016-07-15 00:00:00</subfield>
    <subfield code="t">1</subfield>
    <subfield code="v">899.00</subfield>
    <subfield code="y">EN</subfield>
  </datafield>
  <datafield tag="952" ind1=" " ind2=" ">
    <subfield code="0">0</subfield>
    <subfield code="1">0</subfield>
    <subfield code="4">0</subfield>
    <subfield code="7">0</subfield>
    <subfield code="8">NFIC</subfield>
    <subfield code="a">JP</subfield>
    <subfield code="b">JP</subfield>
    <subfield code="d">2016-07-15</subfield>
    <subfield code="e">IN14239/28.9.2015/114/16.9.2015/15.10.2015</subfield>
    <subfield code="g">899.00</subfield>
    <subfield code="l">3</subfield>
    <subfield code="o">954 SOU</subfield>
    <subfield code="p">B-606231</subfield>
    <subfield code="r">2025-07-12 00:00:00</subfield>
    <subfield code="s">2025-06-26</subfield>
    <subfield code="t">1</subfield>
    <subfield code="v">899.00</subfield>
    <subfield code="y">EN</subfield>
  </datafield>
  <datafield tag="952" ind1=" " ind2=" ">
    <subfield code="0">0</subfield>
    <subfield code="1">0</subfield>
    <subfield code="4">0</subfield>
    <subfield code="7">0</subfield>
    <subfield code="8">NFIC</subfield>
    <subfield code="a">ZLS</subfield>
    <subfield code="b">ZLS</subfield>
    <subfield code="d">2016-07-15</subfield>
    <subfield code="e">IN14239/28.9.2015/114/16.9.2015/15.10.2015</subfield>
    <subfield code="g">899.00</subfield>
    <subfield code="l">2</subfield>
    <subfield code="m">1</subfield>
    <subfield code="o">954 SOU</subfield>
    <subfield code="p">B-606232</subfield>
    <subfield code="r">2025-03-13 00:00:00</subfield>
    <subfield code="s">2025-01-11</subfield>
    <subfield code="t">1</subfield>
    <subfield code="v">899.00</subfield>
    <subfield code="y">EN</subfield>
  </datafield>
  <datafield tag="952" ind1=" " ind2=" ">
    <subfield code="0">0</subfield>
    <subfield code="1">0</subfield>
    <subfield code="4">0</subfield>
    <subfield code="7">0</subfield>
    <subfield code="8">NFIC</subfield>
    <subfield code="a">RKP</subfield>
    <subfield code="b">RKP</subfield>
    <subfield code="d">2016-07-15</subfield>
    <subfield code="e">IN14239/28.9.2015/114/16.9.2015/15.10.2015</subfield>
    <subfield code="g">899.00</subfield>
    <subfield code="l">0</subfield>
    <subfield code="o">954 SOU</subfield>
    <subfield code="p">B-606233</subfield>
    <subfield code="r">2016-07-15 00:00:00</subfield>
    <subfield code="t">1</subfield>
    <subfield code="v">899.00</subfield>
    <subfield code="y">EN</subfield>
  </datafield>
  <datafield tag="952" ind1=" " ind2=" ">
    <subfield code="0">0</subfield>
    <subfield code="1">0</subfield>
    <subfield code="4">0</subfield>
    <subfield code="7">0</subfield>
    <subfield code="8">NFIC</subfield>
    <subfield code="a">SP</subfield>
    <subfield code="b">SP</subfield>
    <subfield code="d">2016-07-15</subfield>
    <subfield code="e">IN14239/28.9.2015/114/16.9.2015/15.10.2015</subfield>
    <subfield code="g">899.00</subfield>
    <subfield code="l">0</subfield>
    <subfield code="o">954 SOU</subfield>
    <subfield code="p">B-606234</subfield>
    <subfield code="r">2016-07-15 00:00:00</subfield>
    <subfield code="t">1</subfield>
    <subfield code="v">899.00</subfield>
    <subfield code="y">EN</subfield>
  </datafield>
  <datafield tag="952" ind1=" " ind2=" ">
    <subfield code="0">4</subfield>
    <subfield code="1">0</subfield>
    <subfield code="4">0</subfield>
    <subfield code="7">0</subfield>
    <subfield code="8">NFIC</subfield>
    <subfield code="a">BL3</subfield>
    <subfield code="b">BL3</subfield>
    <subfield code="d">2016-07-15</subfield>
    <subfield code="e">IN14239/28.9.2015/114/16.9.2015/15.10.2015</subfield>
    <subfield code="g">899.00</subfield>
    <subfield code="l">0</subfield>
    <subfield code="o">954 SOU</subfield>
    <subfield code="p">B-606235</subfield>
    <subfield code="r">2016-07-15 00:00:00</subfield>
    <subfield code="t">1</subfield>
    <subfield code="v">899.00</subfield>
    <subfield code="y">EN</subfield>
    <subfield code="z">Written off on approval by DLB (By Circulation); dtd 15-06-2023</subfield>
  </datafield>
  <datafield tag="952" ind1=" " ind2=" ">
    <subfield code="0">0</subfield>
    <subfield code="1">0</subfield>
    <subfield code="4">0</subfield>
    <subfield code="7">0</subfield>
    <subfield code="8">NFIC</subfield>
    <subfield code="a">NR</subfield>
    <subfield code="b">NR</subfield>
    <subfield code="d">2016-07-15</subfield>
    <subfield code="e">IN14239/28.9.2015/114/16.9.2015/15.10.2015</subfield>
    <subfield code="g">899.00</subfield>
    <subfield code="l">0</subfield>
    <subfield code="o">954 SOU</subfield>
    <subfield code="p">B-606236</subfield>
    <subfield code="r">2016-07-15 00:00:00</subfield>
    <subfield code="t">1</subfield>
    <subfield code="v">899.00</subfield>
    <subfield code="y">EN</subfield>
  </datafield>
  <datafield tag="952" ind1=" " ind2=" ">
    <subfield code="0">0</subfield>
    <subfield code="1">0</subfield>
    <subfield code="4">0</subfield>
    <subfield code="7">0</subfield>
    <subfield code="8">NFIC</subfield>
    <subfield code="a">BN</subfield>
    <subfield code="b">BN</subfield>
    <subfield code="d">2016-07-15</subfield>
    <subfield code="e">IN14239/28.9.2015/114/16.9.2015/15.10.2015</subfield>
    <subfield code="g">899.00</subfield>
    <subfield code="l">1</subfield>
    <subfield code="m">1</subfield>
    <subfield code="o">954 SOU</subfield>
    <subfield code="p">B-606237</subfield>
    <subfield code="r">2021-08-27 00:00:00</subfield>
    <subfield code="s">2021-08-03</subfield>
    <subfield code="t">1</subfield>
    <subfield code="v">899.00</subfield>
    <subfield code="y">EN</subfield>
  </datafield>
  <datafield tag="952" ind1=" " ind2=" ">
    <subfield code="0">0</subfield>
    <subfield code="1">0</subfield>
    <subfield code="4">0</subfield>
    <subfield code="7">0</subfield>
    <subfield code="8">NFIC</subfield>
    <subfield code="a">BL4</subfield>
    <subfield code="b">BL4</subfield>
    <subfield code="d">2016-09-07</subfield>
    <subfield code="e">DBAD/PUB</subfield>
    <subfield code="g">899.00</subfield>
    <subfield code="l">1</subfield>
    <subfield code="o">954 SOU</subfield>
    <subfield code="p">EN-99493</subfield>
    <subfield code="r">2025-04-09 00:00:00</subfield>
    <subfield code="s">2025-03-26</subfield>
    <subfield code="t">1</subfield>
    <subfield code="v">899.00</subfield>
    <subfield code="y">EN</subfield>
  </datafield>
  <datafield tag="952" ind1=" " ind2=" ">
    <subfield code="0">0</subfield>
    <subfield code="1">0</subfield>
    <subfield code="4">0</subfield>
    <subfield code="7">0</subfield>
    <subfield code="8">NFIC</subfield>
    <subfield code="a">AV</subfield>
    <subfield code="b">AV</subfield>
    <subfield code="d">2017-08-09</subfield>
    <subfield code="e">BPPD/EN/2015-16/AV/2016-17/390/15.02.2017/IN16115/27.02.2017/07.03.2017</subfield>
    <subfield code="g">899.00</subfield>
    <subfield code="l">1</subfield>
    <subfield code="m">2</subfield>
    <subfield code="o">954 SOU</subfield>
    <subfield code="p">B-664984</subfield>
    <subfield code="r">2022-08-17 00:00:00</subfield>
    <subfield code="s">2022-07-05</subfield>
    <subfield code="t">1</subfield>
    <subfield code="v">899.00</subfield>
    <subfield code="w">2017-08-09</subfield>
    <subfield code="y">EN</subfield>
  </datafield>
  <datafield tag="952" ind1=" " ind2=" ">
    <subfield code="0">0</subfield>
    <subfield code="1">0</subfield>
    <subfield code="4">0</subfield>
    <subfield code="7">0</subfield>
    <subfield code="8">NFIC</subfield>
    <subfield code="a">L</subfield>
    <subfield code="b">L</subfield>
    <subfield code="d">2021-07-28</subfield>
    <subfield code="e">Gift/Eng/07-07-2021</subfield>
    <subfield code="g">899.00</subfield>
    <subfield code="l">2</subfield>
    <subfield code="m">2</subfield>
    <subfield code="o">954 SOU</subfield>
    <subfield code="p">B-740663</subfield>
    <subfield code="r">2025-05-23 00:00:00</subfield>
    <subfield code="s">2025-04-17</subfield>
    <subfield code="t">1</subfield>
    <subfield code="v">899.00</subfield>
    <subfield code="w">2021-07-28</subfield>
    <subfield code="y">EN</subfield>
    <subfield code="z">Gift</subfield>
  </datafield>
</record>
